000 00240nam a2200097 4500
003 SGT
245 _aTHE JOURNAL OF LAW, MEDICINE & ETHICS
260 _aUSA
_bAMERICAN SOCIETY OF LAW, MEDICINE & ETHICS
310 _aQUARTERLY
942 _2ddc
_cLJ
999 _c7667
_d7667